| 000 | 01143nam a2200301 a 4500 | ||
|---|---|---|---|
| 001 | 000046734 | ||
| 003 | DO-SdBNP | ||
| 005 | 20230508111014.0 | ||
| 008 | 180321s2014 dr a r 000 j spa d | ||
| 020 | _a9789945896381 | ||
| 040 |
_aDO-SdBNP _bspa _cBPMSU |
||
| 082 | 4 |
_a028.55 _bM729c 2014 _222 |
|
| 100 | 1 | _aMoltoni, Cecilia Inés | |
| 245 | 1 | 0 |
_aCuento contigo para contar y compartir cuentos : _bguía creativa para promover líderes cuentacuentos y clubes de lectura / _cCecilia Inés Moltoni. |
| 246 | 1 | 3 | _aGuía creativa para promover líderes cuentacuentos y clubes de lectura |
| 260 |
_aSanto Domingo : _bMINERD, _c2014. |
||
| 300 |
_a97 p. : _bil. ; _c23 cm. |
||
| 500 | _a Guía para el docentes | ||
| 590 | _aInventariado, 2023/VM | ||
| 650 | 4 |
_aPromoción de la lectura _zRepública Dominicana |
|
| 650 | 4 |
_aPromoción de la lectura _xTécnicas. |
|
| 650 | 4 |
_aCuentos _xEnseñanza. |
|
| 650 | 4 | _aLiteratura infantil dominicana | |
| 710 | 2 | _aOrganización de Estados Iberoamericanos | |
| 710 | 2 | _aMinisterio de Edudcaciòn (Repúiblica Dominicana) | |
| 910 | _aVMateo V. Control de calidad (BPMSU) | ||
| 942 |
_2ddc _cBK |
||
| 999 |
_c14363 _d14363 |
||